000 00684nam a2200289Ia 4500
005 20260324120342.0
008 008 260324s9999 xx 000 0 eng d
020 _a9780429189883
037 _aEBOOK
040 _aCRL
040 _beng
040 _cCRL
041 _2eng
041 _aeng
084 _qCRL
100 _aVictor H. Moll
_91158223
245 0 _aSpecial Integrals of Gradshteyn and Ryzhik
245 4 _bthe Proofs - Volume II
260 _bTaylor and Francis
260 _c2015
365 _a
365 _b385
856 _uhttp://www.taylorfrancis.com/books/9780429189883
942 _cEBOOK
999 _c1749717
_d1749717